000 00260nam a2200097Ia 4500
001 747713
005 20250826164401.0
008 250824s9999 xx 000 0 und d
245 0 _aSAĞLIKLI BESLEN FORMDA KAL
_cSÜMEYRA ŞAHİNLER
260 _bCARPEDİEM YAYINLARI
999 _c747713
_d747713